Hetvenkilenc elhallgatott nap veseátültetés : sikerek és sandaságok /

Elmentve itt :
Bibliográfiai részletek
Szerző: Keczer Gabriella
Dokumentumtípus: Cikk
Megjelent: 1996-05-22
Sorozat:Délmagyarország 86 No. 119
Kulcsszavak:Németh András
Online Access:http://dmarchiv.bibl.u-szeged.hu/97889
LEADER 00501nab a2200157 i 4500
001 delm97889
005 20191014143919.0
008 191014s1996 hu o 0|| hun d
040 |a SZTE Délmagyarország Archívum  |b hun 
041 |a hun 
100 1 |a Keczer Gabriella 
245 1 0 |a Hetvenkilenc elhallgatott nap   |h [elektronikus dokumentum] :  |b veseátültetés : sikerek és sandaságok /  |c  Keczer Gabriella 
260 |c 1996-05-22 
300 |a 1 
490 0 |a Délmagyarország  |v 86 No. 119 
695 |a Németh András